Engineering Mechanics (Record no. 163687)

MARC details
000 -LEADER
fixed length control field 00420nam a2200181Ia 4500
008 - FIXED-LENGTH DATA ELEMENTS--GENERAL INFORMATION
fixed length control field 240823s9999||||xx |||||||||||||| ||und||
082 ## - DEWEY DECIMAL CLASSIFICATION NUMBER
-- 620.1 P2
100 ## - MAIN ENTRY--PERSONAL NAME
Personal name Sadhishkumar M E [et al]
245 #0 - TITLE STATEMENT
Title Engineering Mechanics
250 ## - EDITION STATEMENT
Edition statement 1st
260 ## - PUBLICATION, DISTRIBUTION, ETC. (IMPRINT)
Date of publication, distribution, etc 2002
Name of publisher, distributor, etc Sonave
Place of publication, distribution, etc Salem
500 ## - GENERAL NOTE
General note YES
650 ## - SUBJECT ADDED ENTRY--TOPICAL TERM
Topical term or geographic name as entry element Mechanics
942 ## - ADDED ENTRY ELEMENTS (KOHA)
Item type Books
Holdings
Withdrawn status Lost status Damaged status Permanent location Current location Date acquired Source of acquisition Cost, normal purchase price Full call number Barcode Date last seen Koha item type
      CENTRAL LIBRARY, NOORUL ISLAM CENTRE FOR HIGHER EDUCATION CENTRAL LIBRARY, NOORUL ISLAM CENTRE FOR HIGHER EDUCATION 07/11/2003 Malleswara Radio Mart 290.00 620.1 P2 18585 08/23/2024 Books
Visitors:
Copyright © 2024 Central Library NICHE.  All rights reserved.